000
00281nam a22001337a 4500
003
SGT
082
_a
152, F11S
100
_a
SNIGH, AK
245
_a
FUNDAMENTALS OF NEUROPSYCHOLOGY
260
_a
DELHI
_b
MOTILAL
_c
2011
300
_a
415
650
_a
PSYCHOLOGY
942
_2
ddc
_c
BK
999
_c
9193
_d
9193